000
00331nam a2200133Ia 4500
008
100328s9999 xx 000 0 und d
082
_b
70712
100
_a
तरवडे विजय.
245
_a
युग्म.
260
_b
सायली.
630
_a
युग्म.
730
_a
युग्म.
942
_c
BOOK
999
_c
556437
_d
556434